000 00598nam a2200241Ia 4500
005 20260430150350.0
008 008 250103s9999 xx 000 0 eng d
037 _aTheses
040 _aCRL
040 _beng
040 _ceng
041 _2eng
041 _aeng
084 _qCRL
100 _aKalon Jatin Au.; Jha Anupam Gu.
_91237273
245 0 _aHuman Rights in Military Laws of India: A Critical Analysis
260 _c2023
300 _a314p.
650 _aLaw
700 _aUniversity of Delhi. Faculty of Arts. Deptt. of Law
942 _cTH
999 _c1849611
_d1849611